Superbus - Addictions (paroles) - Statistiques

Statistiques générales
  • Ce quiz a été pris 38 fois
  • Le résultat moyen est 145 sur 209
Statistiques - réponses
Paroles % Correct
à
96%
Je
96%
je
96%
addictions
92%
le
88%
les
88%
ma
88%
façon
84%
collectionne
80%
Et
80%
J'additionne
80%
de
76%
(de
76%
la
76%
me
76%
Tu
76%
te
68%
comme
64%
dans
64%
par
60%
plus
60%
Que
60%
Rien
56%
tout
56%
tout)
56%
vas
56%
vous
56%
vous)
56%
bout
52%
chair
52%
finir
52%
j'apprends
52%
langue
52%
n'est
52%
petit
52%
tourments
52%
faire
48%
plaire
48%
prends
48%
Qu'un
48%
taire
48%
tendre
48%
vois
48%
bien
44%
J'affectionne
44%
Mords-toi
44%
jette
40%
n'me
40%
passe
40%
l'angle
36%
Reste
36%
Aucun quiz correspondant
Distribution des résultats
% des personnes avec chaque résultat
Percentile par nombre de réponses
Votre historique - résultats
Vous n’avez pas pris ce quiz